000 00237nam a22001097a 4500
082 _a808.3 CHE'Y
100 _aCHENEY, PETA
_957806
245 _aYOU CAN CALL IT A DAY
260 _aLONDON
_bCOLLINS
_c1949
300 _a191P
942 _cBK
999 _c568059
_d568059